Blaze and Caves Advancements - Statistics

General Stats
  • This quiz has been taken 13 times
  • The average score is 70 of 1153
Answer Stats
Answer % Correct
Diamonds!
54%
How Did We Get Here?
54%
Redstone
46%
Riddle Me This
46%
The End?
46%
The End
46%
The Perfect Run
46%
Arbalistic
38%
Captain America
38%
Getting an Upgrade
38%
Getting Wood
38%
Is it a Balloon?
38%
Is it a Bird?
38%
Is it a Plane?
38%
Master Enchanter
38%
Monster Hunter
38%
Monsters
38%
Monsters Hunted
38%
Nether
38%
Time to Mine!
38%
Time to Strike!
38%
Two By Two
38%
Very Very Frightening
38%
A Furious Cocktail
31%
Blind as a Bat
31%
Bonfire Night
31%
Bullseye
31%
Caves & Cliffs
31%
Coal Miner
31%
Diamonds to you!
31%
Emerald Miner
31%
Enchanter
31%
Gold Mine!
31%
Hero of the Village
31%
Iron Miner
31%
I yearned for the mines
31%
Master Fisher
31%
Master Miner
31%
Mining
31%
Oresome!
31%
Overkill
31%
Redstone Miner
31%
Serious Dedication
31%
Sniper Duel
31%
Spooky Scary Skeleton
31%
Star Trader
31%
Stone Age
31%
Surge Protector
31%
The End... Again
31%
Those Were The Days
31%
Time to Farm!
31%
Titanic
31%
Total Beelocation
31%
Two Birds, One Arrow
31%
Uneasy Alliance
31%
We Need to Go Deeper
31%
A Complete Catalogue
23%
Acquire Hardware
23%
Ad Astra
23%
Advancement Legend
23%
Adventure
23%
Adventuring Time
23%
All the Blocks!
23%
All the Items!
23%
An Apple a Day
23%
Animal Kingdom
23%
Animals
23%
A Terrible Fortress
23%
A Throwaway Joke
23%
Beaconator
23%
Biomes
23%
Captain Etho
23%
Castaway
23%
Copper Miner
23%
Country Lode, Take Me Home
23%
Dragon vs Dragon
23%
Electrifying Alliance
23%
Enchanting
23%
Explorer of Worlds
23%
Eye Spy
23%
Farming
23%
Global Vaccination
23%
Glow and Behold
23%
Hired Help
23%
Hot Stuff
23%
Hot Tourist Destination
23%
I am Loot!
23%
Iceologer Should've Won
23%
Insomniac
23%
Into Fire
23%
Isn't It Iron Pick
23%
Isn’t It Scute?
23%
Let Me Out!
23%
Master Armorer
23%
Master Coal Miner
23%
Master Copper Miner
23%
Master Diamond Miner
23%
Master Gold Miner
23%
Master Netherite Miner
23%
Netherite Miner
23%
Not today!
23%
Oh, Shiny!
23%
Over-Overkill
23%
Pixel Perfect
23%
Poglin!
23%
Postmortal
23%
Professor Birch
23%
Return to Sender
23%
Sky's the Limit
23%
Sticky Situation
23%
Subspace Bubble
23%
Tactical Fishing
23%
The City at the End of the Game
23%
The Devil's Distance
23%
The Next Generation
23%
The Whole Pack
23%
The World Is Ending
23%
This Boat Has Legs
23%
Time to Dig!
23%
War Pigs
23%
Wax Off
23%
Wax On
23%
What a Deal!
23%
Who's the Pillager Now?
23%
Withering Heights
23%
XP Grinder
23%
A Balanced Diet
15%
Adventure Milestone
15%
A Good Start
15%
A Million Blocks Away
15%
A much more doable challenge
15%
Astrobrute
15%
Aww man!
15%
Axeolotl
15%
Axolotl of them
15%
Bee Our Guest
15%
Benchmarking
15%
Biological Warfare
15%
Biomes Milestone
15%
Blowback
15%
Bone-to-party
15%
Bring Home the Beacon
15%
Building
15%
Building Milestone
15%
Chestful of Cobblestone
15%
Cover Me With Diamonds
15%
Creepergeddon
15%
Deal's off!
15%
Demolitions Expert
15%
Diamond Miner
15%
Enchanting Milestone
15%
Endergeddon
15%
End Milestone
15%
Event Horizon
15%
Ew Ew Ew!
15%
Fake stronghold
15%
Family Reunion
15%
Farming Milestone
15%
Feels Like Home
15%
Fishy Business
15%
Free the End
15%
Gas!
15%
Gas Bomb
15%
Ghast Slayer
15%
Gold Miner
15%
Great View From Up Here
15%
Happy New Year!
15%
Harry Potter
15%
Heart of Darkness
15%
Heavy Duty Caravan
15%
Hey! You two should kiss!
15%
Highway to Hell
15%
Hot Topic
15%
House of Freaks
15%
Ice Bucket Challenge
15%
I don't like sand
15%
I enjoy long walks & playing MC
15%
Impossible...
15%
Iron Man
15%
It's High Noon
15%
Jenga
15%
Justice
15%
Just Keep Swimming
15%
Lapis Lazuli Miner
15%
Light as a Rabbit
15%
Lighten Up
15%
Little Sniffs
15%
Local Brewery
15%
Lucky Break
15%
Lush Hour
15%
Mace Windu
15%
Marathon
15%
Master Axeman
15%
Master Digger
15%
Master Farmer
15%
Master Iron Miner
15%
Master Logger
15%
Master Shieldsman
15%
Mining Milestone
15%
MOAR Broken Tools
15%
MOAR Tools
15%
MURDERER!
15%
Nananananananana...
15%
Nether Milestone
15%
Not Quite 'Nine' Lives
15%
Not Today, Thank You
15%
Ol' Betsy
15%
Overwarden
15%
Professor Dark Oak
15%
Professor Oak
15%
Pupil Poppers
15%
Redstone Milestone
15%
Respecting the Remnants
15%
Screaming Milk
15%
Shady Deals
15%
Skyblock
15%
Sky High
15%
Some Breakthrough
15%
Stack all the Blocks!
15%
Stack all the Items!
15%
Stockbroker
15%
STONKS!
15%
Suit Up
15%
Take Aim
15%
Telescopic
15%
The Beginning
15%
The Cutest Predator
15%
The First Night
15%
The Parrots and the Bats
15%
Time to Chop!
15%
Traveller
15%
Under Lock and Key
15%
Vegetarian
15%
We've broken our last shovel
15%
Witch!
15%
You are the Pillager
15%
You Need a Mint
15%
Zombie Doctor
15%
24 Carrot Gold
8%
Abyss Lord
8%
A Furious Test Subject
8%
Allayance
8%
Animal Milestone
8%
A Piglin's Best Friend
8%
Armor Display
8%
Art Gallery
8%
A Seedy Place
8%
A Shiny Treat
8%
Atlantis?
8%
A Wizard’s Breakfast
8%
Axeman
8%
Bake Bread
8%
Birthday Song
8%
Black Belt Ninja
8%
Bling Bling Gone
8%
Boatception
8%
Bogged Down
8%
Boned
8%
Bottom to Top
8%
Bow Spammer
8%
Brute Force
8%
Bukkit bukkit
8%
Bulldozer
8%
Bunny Lover
8%
Called Shot
8%
Camouflage
8%
Careful Restoration
8%
Cataclyst
8%
Classic Pocket Edition Block
8%
Click!
8%
Combine Harvester
8%
Constellation
8%
Cow Tipper
8%
Crafters Crafting Crafters
8%
Crafting a New Look
8%
Creeper Killer
8%
Curses!
8%
Custom Boss Fight!
8%
Death From All
8%
Diemonds!
8%
Diver's Dozen
8%
Do You Want to Trade?
8%
Dragon Army
8%
Dragon vs Dragon II
8%
Dungeon Crawler
8%
Echolocation
8%
Echonomy
8%
Elderly Enchanter
8%
Even MOAR tools
8%
Expelliarmus!
8%
Expensive!
8%
Factorio
8%
Fake Copper
8%
Fake fortress
8%
Fake monument
8%
Filthy Rich
8%
Florist
8%
Foxy Thievery
8%
Freezing
8%
Frequent Flyer
8%
From Whence It Came!
8%
Ghostbuster!
8%
Giant Floating Jellyfish
8%
Gilded Miner
8%
Glowing!
8%
Goat Simulator
8%
Going Down the Rabbit Hole
8%
Good as New
8%
Half Heart Life
8%
Handmade Blinding
8%
Happy Birthday!
8%
Hearts of the Stack
8%
Hell's Bells
8%
Honey, I'm Home!
8%
Hot Chocolate
8%
I am Root
8%
Iggy
8%
I Like Trains
8%
I'm in Space!
8%
Immortal
8%
Iron Belly
8%
It spreads!
8%
Jumping Jacks
8%
Kelp me!
8%
Kill or be Killed
8%
Kung Fu Panda!
8%
Leaflet Drop
8%
Let It Go!
8%
Level Up
8%
Librarian
8%
Like a Ninja
8%
Limbo Walker
8%
Living Dummy
8%
Llama Festival
8%
Loser!
8%
Loud and Proud
8%
Ludicrous Speed!
8%
Magma Cube Squisher
8%
Mapmaker
8%
Map Room
8%
Master Engineer
8%
Master Farrier
8%
Master Knight
8%
Master Trader
8%
Master Tridenteer
8%
Meat Lovers
8%
Meet the Flintstones
8%
Minecraft: Trial(s) Edition
8%
Monsters Milestone
8%
Monstrous Sacrifices
8%
Mooshroom Kingdom
8%
Moss Maker
8%
Must be your birthday
8%
My work here is done
8%
Needle Sharp
8%
Not Afraid of Heights
8%
NOT THE BEES!
8%
Novice Enchanter
8%
Nuclear Fusion
8%
Obsidian Miner
8%
Oh no guys I'm o o z i n g
8%
Olaf
8%
Om Nom Nom
8%
On A Rail
8%
Organizational Wizard
8%
Overpowered
8%
Pandamonium
8%
Particle Fan
8%
Paw Patrol
8%
Pick Like Silk
8%
Pig Slaughterer
8%
Planting the Past
8%
Poacher
8%
Poisonous Ew
8%
Pork Chop
8%
Portable Storage
8%
Poseidon vs. Hades
8%
Potion Master
8%
Potions
8%
Prime Specimen
8%
Qinling
8%
Quartz Miner
8%
Rare Candy Shop
8%
Rebuilding the Oceans
8%
Remote Getaway
8%
Repopulation
8%
Rest in Pickaxes
8%
Revaulting
8%
Ring of the End
8%
Rocketman
8%
Rock, Paper, Shears!
8%
Scuba Gear
8%
Sculker Box
8%
Seeing Red
8%
Shear Brilliance
8%
Shovel Knight
8%
Silence of the Lambs
8%
Sleep with the Fishes
8%
Smithing With Style
8%
Smooth, dude!
8%
Sneak 100
8%
Snow Fox 64
8%
So Long & Thanks For The Fish
8%
Someone's been here before...
8%
Sound the Alarm!
8%
Spear Fishing
8%
Spelunker
8%
Spleaf
8%
Statistics
8%
Statistics Milestone
8%
Still Talking!
8%
Super Challenges
8%
Super Challenges Milestone
8%
Sushi
8%
Tank
8%
The Healing Power of Friendship
8%
The Mighty Hunter
8%
The Mistake!
8%
The Phantom Menace
8%
The Point of No Return
8%
The Power of Books
8%
There it goes…
8%
The Ritual Begins
8%
The Statue of Liberty
8%
The Struggle Nether Ends
8%
They're breeding like rabbits!
8%
This Dirt is Dirtier
8%
This will be a breeze!
8%
Tuff Stuff
8%
Uh, Houston? We have a problem
8%
Ultimate Enchanter
8%
Ultra Hardcore
8%
Undying Fandom
8%
Void Walker
8%
Voyage
8%
War Is Coming
8%
We Got a Live One!
8%
We're in the endgame now
8%
Wet Feet
8%
Whack-a-mole
8%
Whatever Floats Your Goat!
8%
What's new with composting?
8%
When the Squad Hops into Town
8%
Who is Cutting Onions?
8%
Whole Hog
8%
Who Needs Boats?
8%
Who Needs Rockets?
8%
Who ya gonna call?
8%
Wololo!
8%
Yay! I got my wood!
8%
You’ve Got a Friend in Me
8%
Zombie Apocalypse
8%
Zork Chop
8%
9 to 5
0%
Aaaaaand... OPEN!
0%
A Chiptune Relic
0%
Agent Smithing Table
0%
A Gluttonous Diet
0%
Ah, My Old Enemy...
0%
A Horse in Shining Armor
0%
Ahoy!
0%
A Knight to Nether Forget
0%
All Aboard!
0%
All chained up
0%
A Mangrove Grove
0%
A Masterpiece!
0%
Amethyst Miner
0%
An amazing story!
0%
Anchorman
0%
Ancient Kung Fu Master
0%
Ancient Restoration
0%
And make it double!
0%
Anti-Air
0%
Anti-Gravity Generator
0%
Aquarium
0%
Aquatic Biofuel
0%
A rather pointy fence post
0%
Are we there yet?
0%
Armadoggo
0%
Armor for the masses
0%
Artificial Selection
0%
Artillery
0%
A snowball's chance in hell
0%
A Soul For A Soul
0%
A Suspicious Advancement
0%
A Watery Grave
0%
A Weak Brew
0%
Aww it broke!
0%
Axolittle
0%
Baby, baby, baby noo!!
0%
Backfire
0%
Bacon!
0%
Bamboom!
0%
Bamboozled
0%
Bane of one-shotting spiders
0%
Bapple!
0%
Barbearian
0%
Barking mad
0%
Baron of Blacksmiths
0%
Barrel Rider
0%
Basis of Brewing
0%
Basketblock Championship
0%
Battle of the Bands
0%
Beacon Overlord
0%
Because I'm Aquaman!
0%
Beeloons!
0%
Beethoven
0%
Berry Nice!
0%
Big Spender
0%
Billy the Kid
0%
Birdkeeper
0%
Blackberry Market
0%
Blackout
0%
Blackstonehenge
0%
Blast it!
0%
Blast Shield
0%
BlazeandCave's Advancements Pack
0%
Blaze Extinguisher
0%
Blind Stare
0%
Bling Plate
0%
Blistering Barnacles!
0%
Bloodthirsty
0%
Boaty McBoatface
0%
Bobbleheads
0%
Boing, Boing
0%
Bombs Away!
0%
Boomerang
0%
Bow down to me!
0%
Break Wind
0%
Breeze Suppressor
0%
Bricks!
0%
Bring Down The Beast
0%
Brushed Away
0%
Bubble, Bubble, Toil and Trouble!
0%
Budget Channeling
0%
Budget Vex
0%
Built on Sand, Set in Stone
0%
Bulbous!
0%
Burnt Right Into Your Soul
0%
Businessman
0%
Buy Low, Sell High
0%
Calibration Sensation
0%
Camping Out
0%
Caprymphony
0%
Care for the environment
0%
Cargo Carrier
0%
Catching Nemo
0%
Cephalight
0%
Cerulean!
0%
Change of Sheets
0%
Chatterbox
0%
Cherry Bomb
0%
Chicken Cooper
0%
Chromatic Armory
0%
Classy Glassy
0%
Clay-Dough!
0%
Cold Feet
0%
Colorful Cavalry
0%
Colors of the Wind
0%
Come to the countryside!
0%
Comparing Comparator
0%
Complete Enchanter
0%
Concrete Evidence
0%
Construction Worker
0%
Controlled Detonation
0%
Cool Kids
0%
Coordinated Flair
0%
Coppers and Robbers
0%
Cowboy
0%
Cow Jumped Over The Moon
0%
Craftception
0%
Crazy Cat Lady
0%
Crazy Walls
0%
Creepers and Withers
0%
Creepy Heads
0%
Cultural Misunderstandings
0%
Cupid
0%
Cut In Half
0%
Dark Ages
0%
Dead Don't Die
0%
Dead Really Don’t Die
0%
Death By Magic
0%
Death Pointer
0%
Decaying Beauty
0%
Deepslate Conspiracy
0%
Deep Slate Nine
0%
Delicious Fish
0%
Delicious, Hot Schmoes!
0%
Desert Nomad
0%
Desert Rider
0%
Diagon Allay
0%
DIAM- oh, wait, no.
0%
Diamond Clad
0%
Diamonds Are Not Forever
0%
Die, Potato!
0%
Dimension Penetration
0%
Direct Fishing
0%
Disc Jockey
0%
Disen Berry Berry Bad!
0%
Dispense With This
0%
Dive Bomb
0%
Do A Barrel Roll!
0%
Dogfight
0%
Dolphin Dasher
0%
Don't Blink
0%
Don’t Come a Copper!
0%
Dragon Shield
0%
Dragon vs Wither: Pre-Sequel
0%
Dripstone Drop
0%
Dry Spell
0%
Dungeons and Spawners
0%
Ecologist
0%
Eeuuwww!
0%
Egging, Dude!
0%
Electric!
0%
Electric Rails
0%
Elmer Mudd
0%
Enchanted Forest
0%
End Bricks!
0%
Enderman Destroyer
0%
Ender's Chest
0%
Ender Worm
0%
En Garde
0%
Engineer
0%
Et tu, Brute?
0%
Evelyn Evergreen
0%
Everybody Loves Ice!
0%
Explosive Fire
0%
Extrabiologist
0%
Eyeball Forest
0%
Failed Concoctions
0%
Fallen Kingdom
0%
Farmadillo
0%
Fashion Statement
0%
Feeding the Ducks Chickens
0%
Feeling Ill
0%
Feeling Sheepish
0%
Festival of Lights
0%
Fiery
0%
Filthy Stinkin' Rich
0%
Final Shout
0%
Fire Blast Shield
0%
Fireworks Display
0%
Flamboyant Range
0%
Flashy Items
0%
Flint Miner
0%
Flipper
0%
Flower Power
0%
Fluorescent!
0%
Flying Colors
0%
Foal Play
0%
Foliage
0%
Follow the Leader
0%
Food, Glorious Food!
0%
Fool Me Twice
0%
For Mother, Clarence
0%
Fortunate Son
0%
For you, my sweet
0%
Fossil Fuel
0%
Fractal
0%
Free Diver
0%
Frigid Diversions
0%
Frog Family
0%
From Under Your Feet
0%
Frosty
0%
Fruit of the Looms
0%
Fuel Engine
0%
Full Stomach
0%
Furious Ammunition
0%
Fuzzy Feet
0%
Galileo Figaro
0%
Gelatinous Cube
0%
Genesis of the End
0%
Get a Lode Of This!
0%
Getting Chorus
0%
Getting Into a Stew
0%
Giddy Up!
0%
G.I. Geode
0%
Gilty!
0%
Global Railway Network
0%
Glows in the Dark
0%
Glowstone Miner
0%
Goat out of here!
0%
God of Thunder
0%
Gold Rush
0%
Good For Your Bones
0%
Good-Lookin’ Treasure
0%
Gotta Go Fast!
0%
Grass Type
0%
Grate Expectations
0%
Grave Robber
0%
Greek Art Decor
0%
Grinding Nemo
0%
Guardian Destroyer
0%
Halloween!
0%
Hanging Around
0%
Happy Trails!
0%
Hard Mode Activated
0%
Have a Shearful Day
0%
Hay there!
0%
Heart Breaker
0%
Heavy Metal
0%
Heeere's Johnny!
0%
Hell Botanist
0%
Hell Hunter
0%
Help! I've been framed!
0%
Hey, look, Mom!
0%
High Feet
0%
High Steaks
0%
High Temperature Fluid Monster
0%
Hive Mind
0%
Holy Scrap!
0%
Hopping Mad
0%
Horse Armorer
0%
Horse Training
0%
Hot Reels!
0%
Hot Spring
0%
Hot Tub
0%
House of Psychos
0%
Humble Bundle
0%
Hump Day
0%
Hung, Drawn and Bartered
0%
Hyper-healing
0%
I am Ravager, hear me ROAR!
0%
Iconic Merchandising Prop
0%
If only cats grew into kittens
0%
I hereby dub thee...
0%
I just want to make toast!
0%
I'll be back
0%
I <3 Chests
0%
Imbued Projectiles
0%
I'm Coming Back, Murph!
0%
I'm gonna be sick!
0%
I'm in Lava With You
0%
I'm not lost anymore!
0%
In a hole there lived a Rabbit
0%
In a Pickle
0%
Incandescent!
0%
Inception
0%
Indiana Jones
0%
Inspector Gadget
0%
Instant Mining
0%
In Your Face, Neil Armstrong
0%
It's a cactus!
0%
It's a Sign!
0%
It's a Trap!
0%
It's full of ink
0%
Its original form
0%
It's so beast-like!
0%
It's time consuming
0%
It's where Nutella comes from
0%
I've got a bad feeling about this
0%
Jailhouse Block
0%
Journeyman Enchanter
0%
Jurassic Sniff
0%
Just a sample
0%
Just Keeps Going
0%
Keep your distance
0%
Keys to Success
0%
Kilometre Walk
0%
King of the Sea
0%
Knocking your socks off
0%
Knowledge is Power
0%
Ladder Climbers Inc.
0%
Laps in the pool
0%
Laser Sharks!
0%
Leader of the Pack
0%
Lead the Way!
0%
Legend of Hell Chicken Riders
0%
Let There Be Light!
0%
Leveraging Synergy
0%
Lichen Subscribe
0%
Life… uhh… finds a way
0%
Lightning McPig
0%
Light Show
0%
Like a Cat
0%
Lilypad Hatter
0%
Lion Hunter
0%
Live and Let Dye
0%
Living Like Kings
0%
Llama Llama Duck King
0%
Lodes of Applications
0%
Loot ‘Em!
0%
Lost its bark
0%
Lucky Charm
0%
Luxury Cruise
0%
Machine Bow
0%
Mad Scientist
0%
Magical Stockpile
0%
Mangrove Master
0%
Mannequin
0%
Mapmaker's Table
0%
Marine Marauder
0%
Mary Had a Little Lamb...
0%
Master Angler
0%
Master Arbalist
0%
Master Macerator
0%
Master Sniper
0%
Maximum Resistance
0%
Medic!
0%
Mega Mushroom
0%
Me Love Cookie
0%
Melting
0%
Metal Plate
0%
Meteor Strike
0%
Milk does your body good
0%
Milkshroom
0%
Minecart Rider
0%
Mineral Collection
0%
Miracle Drink
0%
MOAR Upgraded Tools
0%
Mob Hunter
0%
Mobile Explosion
0%
Mold Maker
0%
Mollusc Man
0%
Monstrous Music
0%
Monumental
0%
More For Me
0%
Moskstraumen
0%
Moving Moving Storage
0%
Moving Parts
0%
Moving Storage
0%
Mozart
0%
Mr. Bean
0%
Multiclassed
0%
Mushroom, mushroom!
0%
Mushroom Scientist
0%
Music To My Ears
0%
My Eyes!
0%
Natural Fertiliser
0%
Naturally Carved
0%
Natural Sprinter
0%
Nerds Never Die
0%
Nest, Quick!
0%
Nether Rock Collection
0%
Nether Say Die
0%
Newton's Flaming Laser Sword
0%
Nice to Mace You!
0%
Night Runner
0%
No Banner, only Color!
0%
No Chain, No Gain
0%
Nocturnal
0%
No! Don't let me leave, Murph!
0%
No Reefing!
0%
Not Chicken McNuggets?
0%
Noteworthy
0%
Now that's a lot of damage
0%
Now You’re Thinking With Portals
0%
Noxious Fumes
0%
Nugget in a Biscuit
0%
Nyan Sheep
0%
Observer Buddy
0%
Off With His Head!
0%
Oh, look, it dings!
0%
Olympic Athlete
0%
Olympic Gold Medallist
0%
Omniscient
0%
One-course meal
0%
One Pickle, Two Pickle, Sea Pickle, Four
0%
One with the forest
0%
Ooh, Baby!
0%
Out for a stroll
0%
Out of Posts
0%
Overgrown!
0%
Overlevelling
0%
Overpopulation
0%
Pale Gardener
0%
Pale in Comparison
0%
Paleontologist
0%
Pane in the Glass
0%
Passing the Time
0%
Pathways
0%
Performance-Enhancing Drugs
0%
Phantom Slayer
0%
Picador
0%
Pig Fishing Tournament
0%
Piglin Peril
0%
Pig Training
0%
Pirate Captain
0%
Plane Walker
0%
Point Blank
0%
Poison Dart
0%
Polar Opposites
0%
Potions Milestone
0%
Pot Planter
0%
Pottery Exhibition
0%
Poultry Boy
0%
Powder-full
0%
Powerful Light
0%
Prepare to Meet Your Loom!
0%
Pressure Detector
0%
Pretty in Pink
0%
Professional
0%
Pumpa Kungen!
0%
Puppies! Yipe!
0%
Purpurfect!
0%
Pushed Around
0%
Pyrotechnic
0%
Quicksand
0%
Quirky Quartz
0%
Rabbit Season
0%
Raiders of the Lost Trim
0%
Raidin' Master
0%
Railwayman
0%
Rainbow Collection
0%
Rainbow Dreams
0%
Rainbow Sand
0%
Raise the flag!
0%
Ram
0%
Redemption Arc
0%
Rekt!
0%
Renewable Energy
0%
Repeating Repeater
0%
Resinance
0%
Retro Future Knight
0%
Revenge!
0%
Ricochet Swoop
0%
Riot Shield
0%
Rise of the Skeletons
0%
Roadhog
0%
Rock Bottom
0%
Rock Collection
0%
Rock Polish
0%
Sailor of the Seven Seas
0%
Salmonella Poisoning
0%
Save the Turtles!
0%
Scientific Inaccuracy
0%
Scourge of the West
0%
Scuttler
0%
Secret of the Igloo
0%
Secret of the Ooze
0%
Seeing Stars
0%
Setting up the mood
0%
Sharpening Station
0%
Sheariously?
0%
Shelf Expression
0%
Sheriff Firearm
0%
Shield Luck
0%
Shoe Shed
0%
Shotbow
0%
Shouldn't my shield levitate too?
0%
Shriek Forever After
0%
Shroom Lightyear
0%
Shrooms
0%
Shulker Breaker
0%
Sign Off
0%
Silent But Deadly
0%
Simba
0%
Sir Knight
0%
Skeleton Smiter
0%
Slabs For Days
0%
Slapfish
0%
Slenderman
0%
Slime Squisher
0%
Sly Copper: The Copper Heist
0%
Smokin' Hot
0%
Smooth Operator
0%
Sneaky Snitch
0%
Snout 500
0%
Snowball Fight
0%
So Good
0%
So Hungry I Could Eat a Horse!
0%
So I got that going for me
0%
Solar Power
0%
Somewhere Over the Rainbow...
0%
Soul Runnings!
0%
Souperman
0%
Space Dropper
0%
Space Hopper
0%
Spawn Camping
0%
Spider-skeleton
0%
Spider Smasher
0%
Spike Ice!
0%
Spikey!
0%
Sponge Miner
0%
Spooky Skeleton
0%
Spooky Skulls
0%
Spreading Corruption
0%
Spring in your step
0%
Spruce Lee
0%
Squid Game
0%
Stabcraft
0%
Stairs? NOOOOO!
0%
Stationary Storage
0%
Stay Calmer
0%
Stayin' Frosty
0%
Steals on Wheels
0%
Stealth is Optional
0%
Stealth Takedown
0%
Stem Research
0%
Stepping on Legos
0%
Sticky Parts
0%
Strike a Light
0%
Stripper
0%
Stuck in the Mud
0%
Sugar, Sugar
0%
Super Efficient
0%
Superhero of the Village
0%
Super Mooshroom
0%
Supersonic
0%
Super Strength
0%
Suspicious Looking Stew
0%
Sweet Dreams
0%
Swine Sailing
0%
Take Notes
0%
Take to the Skies
0%
Taking It In Stride
0%
Target Acquired
0%
Target Practise
0%
Tarzan
0%
Taste of your own medicine
0%
Tele-morph
0%
Ten Thousand Blocks
0%
Termite Control
0%
Thanks a lotl
0%
That is so fletch!
0%
That's the point!
0%
The Acacia King
0%
The Actual End
0%
The Aquatic Hunter
0%
The Block of Eternal Screaming
0%
The Deep End
0%
The Descent
0%
The ender of ender
0%
The garbage will do!
0%
The Ghastly Eyes
0%
The Glazed Terracotta Army
0%
The Great Blocky Reef
0%
The Haggler
0%
The High Road
0%
The Hunt Begins
0%
The Incredible Sculk
0%
The Invisible Player
0%
The Jungler
0%
The Lie
0%
The Meloncholy Dane
0%
The melon! The melon! The melon!
0%
The Mighty Jungle
0%
The Nether's Shield
0%
The one and true Johnny
0%
The Pie
0%
The Rainbow You Always Wanted
0%
There has to be another way...
0%
There's a zombie on the lawn
0%
There's yolk on my head
0%
The sea calls you...
0%
The Shielding
0%
The Sound of Music
0%
The Sound of Silence
0%
The Start of Something
0%
The Terracotta Army
0%
The Tribal Snouts
0%
The Tribal Villagers
0%
The Undead Cavalry
0%
The Void Frogs
0%
The Walls
0%
The way to spawn
0%
Thick Ice!
0%
Thin Ice!
0%
This is Mine Now!
0%
This name sounds cooler
0%
This One’s Mine!
0%
This Ride Is Lit, Yo!
0%
This Snow is Snowier
0%
Tickle Time!
0%
Time to Fire Back
0%
Time to Upgrade!
0%
To Infinity And Beyond!
0%
Tomb Raider
0%
Top of the World
0%
Torched!
0%
Totally not an AFK fisher!
0%
Town Planner
0%
Trampoline
0%
Translucence
0%
Travelling Bard
0%
Travelling Merchant
0%
Treasure Hunter
0%
Treasure Map
0%
Trick or Treat!
0%
Tricky Treasures
0%
Tridented Shield
0%
Trimming the treetops
0%
Tripping Over
0%
Troll Chest
0%
Tropical Collection
0%
True Cow Tipper
0%
True Feather Falling
0%
Truffle Worm
0%
Turtle Army
0%
Turtle Soldier
0%
Twisted
0%
Unbreakable
0%
Undead Slayer
0%
Under Pressure
0%
Undersea Gardener
0%
Unending Hell
0%
Unmasked
0%
Vault Hunter
0%
Veteran of the Village
0%
Vexingly Hard to Find
0%
Vibe Check
0%
Viking
0%
Village Settler
0%
Void Ender
0%
Warden Extinction
0%
Warden Frostbite
0%
Warlock
0%
Warm Feet
0%
Washing Machine
0%
Weaponry
0%
Weaponry Milestone
0%
We Have Liftoff!
0%
Welcome to Warp Zone!
0%
We'll handle this
0%
We're being attacked!
0%
We’re Going on a Bear Hunt
0%
What about Corruption Planks?
0%
What a creep!
0%
What a Fungi!
0%
What a pane
0%
What a piece of junk!
0%
What Does The Fox Say?
0%
What For?
0%
What's the time, Mr Wolf?
0%
What's Up, Doc?
0%
When Hoglins Breed
0%
When Piglins Fly
0%
When Pigs Finally Fly
0%
When Pigs Used to Fly
0%
Where are all your clothes?
0%
WHERE'S THE HONEY LEBOWSKI
0%
Which came first?
0%
Who needs cars?
0%
Winnie the Pooh
0%
Witchcraft
0%
Wooly!
0%
Workaholic
0%
Writer's Block
0%
Write your thoughts
0%
Wub wub wub!
0%
X-Bow
0%
X Marks the Spot
0%
Ya like jazz?
0%
Yay! Deadbush!
0%
You Lead, I'll Follow
0%
Your Daily Fix
0%
Your Door Was Locked
0%
Your legs must be tired
0%
Yum Yum Yummo
0%
Zeus
0%
Zombie Slayer
0%
Zoologist
0%
No matching quizzes found
Score Distribution
Percent of People with Each Score
Percentile by Number Answered
Your Score History
You have not taken this quiz